[Event "Ì17Ï"]
[Site "Loo"]
[Date "2017.04.23"]
[Round "4.35"]
[White "Íàóðáèåâ, Àõìåä."]
[Black "Âàùåíêî, Ëåâ."]
[Result "0-1"]
[WhiteElo "1707"]
[BlackElo "1478"]
[PlyCount "64"]
[EventDate "2017.04.20"]

1. e4 e6 2. d4 d5 3. Nc3 Nf6 4. Bg5 Be7 5. e5 Nfd7 6. h4 a6 7. Qg4 Bxg5 8. hxg5
g6 9. f4 c5 10. Nf3 Nc6 11. O-O-O cxd4 12. Nxd4 Nxd4 13. Rxd4 Nc5 14. Be2 Bd7
15. Kb1 b5 16. Bf3 Qb6 17. Ne2 O-O-O 18. Rhd1 a5 19. Qg3 Kb8 20. Qe1 Ka7 21.
Nc1 Rb8 22. Qe3 b4 23. Bxd5 exd5 24. Rxd5 Rhc8 25. Nb3 Be6 26. Rxc5 Bxb3 27.
Rxa5+ Kb7 28. Rd7+ Rc7 29. Rxc7+ Kxc7 30. Rc5+ Kb7 31. axb3 Rd8 32. Kc1 Rd5 0-1

[Event "Ì17Ï"]
[Site "Loo"]
[Date "2017.04.23"]
[Round "4.36"]
[White "Ìàìîøèí, Îëåã."]
[Black "Êîêóåâ, Èëüÿ."]
[Result "1-0"]
[WhiteElo "1668"]
[BlackElo "1548"]
[PlyCount "39"]
[EventDate "2017.04.20"]

1. e4 e5 2. Nf3 Nc6 3. Bb5 a6 4. Bxc6 dxc6 5. O-O Bg4 6. h3 h5 7. Re1 Qf6 8.
hxg4 hxg4 9. Nxe5 Qxe5 10. Qxg4 Qh2+ 11. Kf1 Qh1+ 12. Ke2 Qh5 13. Qxh5 Rxh5 14.
d3 O-O-O 15. Nc3 Rh2 16. Kf3 Bc5 17. Bf4 Rh4 18. e5 Nh6 19. Rh1 Rxh1 20. Rxh1 {
äàëåå çàïèñü íåðàçáîð~~èâà} 1-0

[Event "Ì17Ï"]
[Site "Loo"]
[Date "2017.04.23"]
[Round "4.37"]
[White "Êóðáàíîâ, Íàðèìàí."]
[Black "Ìóðàâüåâ, Ìàêñèì."]
[Result "0-1"]
[WhiteElo "1614"]
[BlackElo "1546"]
[PlyCount "50"]
[EventDate "2017.04.20"]

1. e4 e6 2. d4 d5 3. Nd2 Nf6 4. e5 Nfd7 5. f4 c5 6. c3 Nc6 7. Ndf3 Qb6 8. a3
cxd4 9. cxd4 f6 10. h4 Qa5+ 11. Bd2 Qb6 12. Bc3 fxe5 13. fxe5 Be7 14. Bd3 Nf8
15. Ne2 Bd7 16. Qd2 h6 17. Qc2 O-O-O 18. b4 Kb8 19. Qd2 a6 20. Rb1 Rc8 21. b5
axb5 22. Rxb5 Qa7 23. Rb3 Bd8 24. O-O g5 25. Rfb1 Rc7 {
äàëåå çàïèñü íåðàçáîð~~èâà} 0-1

[Event "Ì17Ï"]
[Site "Loo"]
[Date "2017.04.23"]
[Round "4.38"]
[White "Êóðèíîâ, Þðèé."]
[Black "Øóøàêîâ, Àíäðåé."]
[Result "0-1"]
[WhiteElo "1254"]
[BlackElo "1558"]
[PlyCount "38"]
[EventDate "2017.04.20"]

1. e4 d5 2. exd5 Qxd5 3. Nc3 Qa5 4. d4 c6 5. Nf3 Nf6 6. Bc4 Bf5 7. Bd2 Qc7 8.
O-O Nbd7 9. a4 e6 10. a5 Bd6 11. Ne2 Bg4 12. Ng3 h5 13. h3 h4 14. hxg4 hxg3 15.
Be1 gxf2+ 16. Kxf2 Nxg4+ 17. Ke2 O-O-O 18. Qd2 Bf4 19. Qb4 Ne3 0-1

[Event "Ì17Â"]
[Site "Loo"]
[Date "2017.04.23"]
[Round "4.1"]
[White "Êàðïåíêî, Àðòåì."]
[Black "Áûêîâ, Îëåã."]
[Result "1/2-1/2"]
[WhiteElo "2362"]
[BlackElo "2314"]
[PlyCount "120"]
[EventDate "2017.04.20"]

1. d4 Nf6 2. c4 g6 3. Nc3 d5 4. Bg5 Ne4 5. Bh4 Nxc3 6. bxc3 dxc4 7. e3 Be6 8.
Be2 Bg7 9. Nh3 Bxh3 10. gxh3 O-O 11. Rb1 b6 12. Bxc4 c5 13. Qf3 Nd7 14. O-O
cxd4 15. cxd4 Rc8 16. Rbc1 Nf6 17. Qb7 a5 18. a4 e6 19. Bb5 Rxc1 20. Rxc1 Qd6
21. Rc6 Qb4 22. Qxb6 Nd5 23. Qc5 Qe1+ 24. Bf1 Nxe3 25. fxe3 Qxh4 26. Rc8 Rxc8
27. Qxc8+ Bf8 28. Qc3 Qg5+ 29. Bg2 Qf5 30. Qc4 Bb4 31. d5 Qb1+ 32. Bf1 exd5 33.
Qxd5 Qc1 34. Qd8+ Bf8 35. Qe8 h5 36. Kf2 Qc2+ 37. Kg1 Qc5 38. Qe4 Qg5+ 39. Kf2
Qf6+ 40. Kg1 Bc5 41. Bc4 Kg7 42. Be2 Qg5+ 43. Kf2 Bd6 44. Bc4 Bxh2 45. Qd5 Qf6+
46. Ke2 Bc7 47. Bb3 Bb6 48. Ba2 g5 49. Bc4 Bc7 50. Kd3 Qe7 51. Bb3 Bb6 52. Qe4
Qd6+ 53. Qd5 Qf6 54. Ba2 Qf1+ 55. Ke4 Qg2+ 56. Kd3 Qxd5+ 57. Bxd5 f5 58. e4 f4
59. e5 Kg6 60. Be4+ Kf7 1/2-1/2

[Event "Ì17Â"]
[Site "Loo"]
[Date "2017.04.23"]
[Round "4.2"]
[White "Ñàèäîâ, Áèëóõàæ."]
[Black "Ñàëåìãàðååâ, Òàãèð."]
[Result "0-1"]
[WhiteElo "2209"]
[BlackElo "2334"]
[PlyCount "66"]
[EventDate "2017.04.20"]

1. d4 Nf6 2. Bf4 e6 3. e3 c5 4. Nd2 Nc6 5. c3 d5 6. Ngf3 Bd6 7. Bg3 O-O 8. Bd3
b6 9. Qe2 Bb7 10. Ne5 Qc7 11. f4 Ne7 12. Bf2 Ne4 13. O-O f6 14. Nef3 Rac8 15.
dxc5 bxc5 16. c4 Kh8 17. Bc2 Nxf2 18. Qxf2 d4 19. Rae1 Nf5 20. exd4 cxd4 21.
Bxf5 exf5 22. Nxd4 Qd7 23. N4b3 a5 24. c5 Bc7 25. Nc4 a4 26. Nbd2 Qd5 27. Rd1
Rcd8 28. b4 axb3 29. axb3 Bxf4 30. Nb6 Qxd2 31. Rxd2 Rxd2 32. Qxf4 Rxg2+ 33.
Kh1 Rg3+ 0-1

[Event "Ì17Â"]
[Site "Loo"]
[Date "2017.04.23"]
[Round "4.3"]
[White "Ìàëûøåâ, Ãðèãîðèé."]
[Black "Âàñèë¸íîê, Àíòîí."]
[Result "1/2-1/2"]
[WhiteElo "2383"]
[BlackElo "2174"]
[PlyCount "80"]
[EventDate "2017.04.20"]

1. d4 Nf6 2. c4 g6 3. g3 c6 4. Bg2 d5 5. b3 Bg7 6. Nf3 O-O 7. O-O dxc4 8. bxc4
c5 9. Bb2 Qb6 10. Qb3 Ne4 11. e3 Nc6 12. Ne5 Nd6 13. Nd2 cxd4 14. Qxb6 axb6 15.
exd4 Be6 16. Rfc1 Rfc8 17. a4 Nxe5 18. dxe5 Nxc4 19. Nxc4 Rxc4 20. Rxc4 Bxc4
21. Bxb7 Ra5 22. Bc3 Ra7 23. Bg2 Bb3 24. Rb1 Bxa4 25. Rxb6 h5 26. Rb8+ Kh7 27.
f4 Rc7 28. Bb2 Bd7 29. Ba3 Bf5 30. Re8 Rc3 31. Ra8 h4 32. gxh4 Bh6 33. e6 f6
34. Bxe7 Bxf4 35. Ra1 Be5 36. Re1 Bxe6 37. Bxf6 Bxf6 38. Rxe6 Rc1+ 39. Bf1 Bxh4
40. Kg2 Kg7 1/2-1/2

[Event "Ì17Â"]
[Site "Loo"]
[Date "2017.04.23"]
[Round "4.4"]
[White "Ãàñàíîâ, Çàóð."]
[Black "Ýðãåøîâ, Òèìóð."]
[Result "1/2-1/2"]
[WhiteElo "2264"]
[BlackElo "2326"]
[PlyCount "95"]
[EventDate "2017.04.20"]

1. d4 Nf6 2. c4 e6 3. g3 Bb4+ 4. Bd2 Be7 5. Bg2 d5 6. Nf3 O-O 7. O-O c6 8. Qc2
b6 9. Bf4 Ba6 10. Ne5 Nfd7 11. cxd5 cxd5 12. Nf3 Bb7 13. Nc3 Nc6 14. Rac1 Nf6
15. Rfd1 Nh5 16. Bd2 Rc8 17. Qb1 Bd6 18. Be1 f5 19. e3 Qe7 20. a3 Nf6 21. Nb5
Bb8 22. Ne5 Rfd8 23. Nd3 Ne4 24. b4 a6 25. Nc3 Nd6 26. Nb2 Na7 27. Nca4 Rxc1
28. Rxc1 Nac8 29. Qa2 Qd7 30. Bf1 Bc6 31. Nc3 Nb5 32. a4 Nxc3 33. Bxc3 Qa7 34.
Bd2 Bd7 35. Nd3 Nd6 36. Ne5 Ne4 37. Nxd7 Rxd7 38. Rc8+ Kf7 39. Qc2 Rc7 40.
Rxc7+ Qxc7 41. Qxc7+ Bxc7 42. Be1 a5 43. bxa5 bxa5 44. Bd3 Nd6 45. Kf1 Ke7 46.
Ke2 g5 47. h3 Ne4 48. Kd1 1/2-1/2

[Event "Ì17Â"]
[Site "Loo"]
[Date "2017.04.23"]
[Round "4.5"]
[White "Ôàõðóòäèíîâ, Òèìóð."]
[Black "Ñåëèâàíîâ, Èâàí."]
[Result "1-0"]
[WhiteElo "2437"]
[BlackElo "2259"]
[PlyCount "69"]
[EventDate "2017.04.20"]

1. e4 c5 2. Nf3 a6 3. Nc3 b5 4. d4 e6 5. d5 Bb7 6. Be2 Nf6 7. Bg5 Qc7 8. O-O b4
9. Bxf6 gxf6 10. Nb1 Bg7 11. c3 O-O 12. Bc4 Qf4 13. Qd3 a5 14. g3 Qg4 15. Nh4
Na6 16. Nd2 f5 17. Rae1 Nc7 18. f3 Qh5 19. dxe6 dxe6 20. exf5 Rad8 21. Qc2 bxc3
22. bxc3 Kh8 23. Ne4 exf5 24. Nxc5 Bc6 25. Nd3 Qh6 26. Ne5 Rd2 27. Qc1 Bf6 28.
Ng2 Bb7 29. Nxf7+ Rxf7 30. Bxf7 Bg5 31. Qb1 Qh3 32. Rf2 Bxf3 33. Qb6 Bxg2 34.
Rxd2 Bxd2 35. Qf6# 1-0

[Event "Ì17Â"]
[Site "Loo"]
[Date "2017.04.23"]
[Round "4.6"]
[White "Ãàéôóëëèí, Àðòóð."]
[Black "Ïàâëîâ, Äàíèëà."]
[Result "1-0"]
[WhiteElo "2395"]
[BlackElo "2253"]
[PlyCount "71"]
[EventDate "2017.04.20"]

1. d4 Nf6 2. c4 g6 3. Nc3 Bg7 4. e4 d6 5. Nf3 O-O 6. Be2 e5 7. Be3 Nc6 8. d5
Ne7 9. Nd2 Ne8 10. f3 f5 11. b4 c6 12. O-O cxd5 13. cxd5 f4 14. Bf2 g5 15. Nc4
Bd7 16. a4 h5 17. Rc1 Nc8 18. Kh1 Qf6 19. Na5 Kh8 20. Bb5 Bxb5 21. Nxb5 b6 22.
Nc6 Rg8 23. Bg1 Bh6 24. Ncd4 Ne7 25. Ne6 Ng6 26. Rc6 Bf8 27. a5 bxa5 28. bxa5
Nh4 29. Bf2 g4 30. Bxh4 Qxh4 31. Nxf8 Rxf8 32. Nxd6 Ng7 33. Nc4 Qg5 34. Qa1
Rae8 35. Qc3 Rg8 36. Nxe5 1-0

[Event "Ì17Â"]
[Site "Loo"]
[Date "2017.04.23"]
[Round "4.7"]
[White "Àñòàôóðîâ, Àðñåíèé."]
[Black "Àáðàìîâ, Íèêèòà."]
[Result "1-0"]
[WhiteElo "2163"]
[BlackElo "2340"]
[PlyCount "93"]
[EventDate "2017.04.20"]

1. e4 c5 2. Nf3 e6 3. d4 cxd4 4. Nxd4 a6 5. Bd3 Ne7 6. O-O Nec6 7. Nb3 d6 8.
Nc3 Be7 9. f4 Nd7 10. Qf3 Qc7 11. Bd2 Bf6 12. Rae1 Nb4 13. Kh1 Nxd3 14. cxd3
O-O 15. d4 b6 16. e5 Bb7 17. Ne4 Be7 18. Qg3 Bxe4 19. Rxe4 d5 20. Ree1 f5 21.
exf6 Rxf6 22. Nc1 Qc2 23. Bc3 Qf5 24. Nd3 Bd6 25. Bb4 Bxb4 26. Nxb4 Rc8 27. Qe3
Rc4 28. Nd3 Rf8 29. h3 Qf6 30. b3 Rc3 31. Rc1 Rfc8 32. Rxc3 Rxc3 33. Rf3 h5 34.
Qe1 Rc8 35. Qb4 Rc2 36. Qd6 Nf8 37. f5 Qg5 38. Nf2 Rc1+ 39. Kh2 Re1 40. f6 g6
41. Qc7 Qh6 42. Nd3 Re4 43. Ne5 Rf4 44. Qf7+ Kh8 45. Qg7+ Qxg7 46. fxg7+ Kxg7
47. Rxf4 1-0

[Event "Ì17Â"]
[Site "Loo"]
[Date "2017.04.23"]
[Round "4.8"]
[White "ßøìåòîâ, Ìèõàèë."]
[Black "Çàé÷èêîâ, Àíäðåé."]
[Result "1-0"]
[WhiteElo "2322"]
[BlackElo "2120"]
[PlyCount "79"]
[EventDate "2017.04.20"]

1. Nf3 Nf6 2. b3 g6 3. Bb2 Bg7 4. g3 d6 5. d4 O-O 6. Bg2 Nfd7 7. O-O e5 8. dxe5
Nxe5 9. Nxe5 dxe5 10. Nd2 Re8 11. Nc4 Qxd1 12. Raxd1 e4 13. Bxe4 Bxb2 14. Nxb2
Na6 15. Bf3 Nb4 16. Rd4 a5 17. Rc4 c6 18. a3 Nd5 19. Nd3 a4 20. Rxa4 Rxa4 21.
bxa4 Nc3 22. e3 Nxa4 23. Rb1 Nc3 24. Rb3 Nb5 25. a4 Nd6 26. Kg2 Kg7 27. Rb4 h5
28. h3 f5 29. h4 Re7 30. Kf1 Nf7 31. Rd4 Rc7 32. Nf4 Re7 33. Be2 c5 34. Rd1 Bd7
35. Bb5 Bxb5+ 36. axb5 b6 37. Ra1 Nd6 38. Ra6 Rb7 39. Ne6+ Kf7 40. Nd8+ 1-0

[Event "Ì17Â"]
[Site "Loo"]
[Date "2017.04.23"]
[Round "4.9"]
[White "Ãóðüÿíîâ, Äàíèë."]
[Black "Ìíàöàêàíÿí, Àðñåí."]
[Result "0-1"]
[WhiteElo "2116"]
[BlackElo "2274"]
[PlyCount "144"]
[EventDate "2017.04.20"]

1. e4 d6 2. d4 Nf6 3. Nc3 g6 4. f3 Bg7 5. Be3 c6 6. Qd2 b5 7. g4 h5 8. g5 Nfd7
9. f4 Nb6 10. Bd3 Nc4 11. Bxc4 bxc4 12. Nf3 Na6 13. Nh4 Qa5 14. O-O e6 15. b3
Nc7 16. f5 gxf5 17. exf5 Ba6 18. g6 fxg6 19. f6 Bf8 20. Nxg6 Rh7 21. Nxf8 Kxf8
22. Rf3 Rf7 23. Bh6+ Ke8 24. Ne4 Qd5 25. Ng5 Kd7 26. Qf4 Rg8 27. Kf2 e5 28.
Qf5+ Ke8 29. Rd1 Rxg5 30. Qxg5 e4 31. Qxd5 Nxd5 32. Rf5 Bc8 33. Rxd5 Rxf6+ 34.
Ke3 cxd5 35. Bf4 Bg4 36. Rg1 c3 37. a3 Kf7 38. Rf1 Ke6 39. Rg1 Rf7 40. h4 Rb7
41. Rf1 Rg7 42. Rg1 Rg8 43. Rg2 Rg6 44. Rg1 Kf5 45. b4 a6 46. a4 Ke6 47. Rg2
Rg7 48. Rg1 Rb7 49. Rb1 Ke7 50. b5 Bd7 51. Rb3 axb5 52. axb5 Bxb5 53. Rxc3 Bc4
54. Ra3 Rb1 55. Ra7+ Ke6 56. Kd2 Rh1 57. Bg5 Rh2+ 58. Kc3 Kf5 59. Rf7+ Kg4 60.
Rf6 Rg2 61. Rf4+ Kg3 62. Rf6 Kg4 63. Rf4+ Kh3 64. Rf6 Kg3 65. Rf5 Re2 66. Rf6
e3 67. Re6 Re1 68. Rxe3+ Rxe3+ 69. Bxe3 Kxh4 70. Bf4 Kg4 71. Bxd6 h4 72. Kd2
Kf3 0-1

[Event "Ì17Â"]
[Site "Loo"]
[Date "2017.04.23"]
[Round "4.10"]
[White "Êàëàáóõîâ, Áîãäàí."]
[Black "Øàíäðûãèí, Íèêèòà."]
[Result "1-0"]
[WhiteElo "2263"]
[BlackElo "2222"]
[PlyCount "63"]
[EventDate "2017.04.20"]

1. d4 Nf6 2. c4 g6 3. f3 e6 4. e4 d5 5. cxd5 exd5 6. Nc3 c6 7. e5 Nh5 8. Be3
Ng7 9. Qd2 Be7 10. f4 h5 11. Nf3 Be6 12. Be2 Nd7 13. Bf2 a5 14. h3 b5 15. O-O
Nb6 16. b3 Bf5 17. Nd1 Ne6 18. Qc3 Qd7 19. Be3 Be4 20. Rc1 Ba3 21. Ra1 Nc8 22.
Nf2 Ne7 23. Nd2 Bf5 24. Nd3 c5 25. Nf3 Nc6 26. Nxc5 Bxc5 27. Bxb5 Be4 28. dxc5
Bxf3 29. Bxc6 Qxc6 30. Rxf3 d4 31. Bxd4 Qe4 32. Be3 1-0

[Event "Ì17Â"]
[Site "Loo"]
[Date "2017.04.23"]
[Round "4.11"]
[White "Æèòíèêîâ, Êîíñòàíòèí."]
[Black "Øèíêåâè÷, Ìàêñèì."]
[Result "1/2-1/2"]
[WhiteElo "2262"]
[BlackElo "2020"]
[PlyCount "117"]
[EventDate "2017.04.20"]

1. e4 c5 2. Nf3 Nc6 3. Bb5 d6 4. O-O Bd7 5. Re1 Nf6 6. c3 a6 7. Bf1 Bg4 8. h3
Bxf3 9. Qxf3 g6 10. d3 Bg7 11. Be3 O-O 12. Nd2 Nd7 13. Qd1 Rc8 14. Nf3 Nce5 15.
Nxe5 Nxe5 16. Qa4 d5 17. exd5 Qxd5 18. Rad1 Nc6 19. Qa3 Nd8 20. d4 cxd4 21.
Bxd4 Bxd4 22. Rxd4 Qc5 23. Qxc5 Rxc5 24. Rxe7 Ra5 25. Red7 Ne6 26. Rd1 Rxa2 27.
Rxb7 Rc8 28. g3 a5 29. Bg2 Nc5 30. Rb5 Na4 31. Rb1 Rd8 32. c4 Rc8 33. Rxa5 Rxb2
34. Rxb2 Nxb2 35. c5 Nc4 36. Ra8 Rxa8 37. Bxa8 Kf8 38. Bd5 Ne5 39. c6 Ke7 40.
c7 Kd7 41. f4 Nd3 42. Bxf7 Nc5 43. h4 Kxc7 44. Kg2 Nd7 45. g4 Kd6 46. g5 Ke7
47. Bg8 Kf8 48. Bxh7 Kg7 49. Bxg6 Kxg6 50. Kg3 Kf5 51. h5 Nf8 52. Kh4 Nh7 53.
h6 Nf8 54. Kh5 Ng6 55. h7 Nxf4+ 56. Kh6 Ng6 57. Kg7 Kxg5 58. h8=Q Nxh8 59. Kxh8
1/2-1/2

[Event "Ì17Â"]
[Site "Loo"]
[Date "2017.04.23"]
[Round "4.12"]
[White "Áîãäàíîâ, Íèêèòà."]
[Black "Ëîáàíîâ, Ñåðãåé."]
[Result "0-1"]
[WhiteElo "2073"]
[BlackElo "2429"]
[PlyCount "102"]
[EventDate "2017.04.20"]

1. e4 c5 2. Nf3 d6 3. c3 Nf6 4. Qc2 Qc7 5. Bc4 e6 6. O-O Be7 7. d3 O-O 8. Bf4
Nc6 9. Nbd2 Na5 10. h3 Nxc4 11. Nxc4 Nd7 12. Bh2 b5 13. Ne3 Bb7 14. Nd2 Kh8 15.
f4 Qb6 16. Kh1 f5 17. exf5 exf5 18. d4 g6 19. d5 c4 20. Bg1 Qc7 21. Nf3 Bf6 22.
Rad1 Nc5 23. Nd4 Qd7 24. Rf3 Rae8 25. b3 cxb3 26. axb3 Re4 27. b4 Na4 28. Ne2
Rc8 29. Rd3 Qg7 30. c4 Nb2 31. c5 Nxd3 32. Qxd3 Rxb4 33. c6 Ba6 34. Nc2 Rc4 35.
Ned4 Qf7 36. Qa3 Ra4 37. Qxd6 Rd8 38. Qe6 Qxe6 39. dxe6 Kg8 40. c7 Rc8 41. Rc3
Bb7 42. Rc5 a6 43. Nb3 Rc4 44. Rxc4 bxc4 45. Na5 Rxc7 46. Bb6 Rg7 47. Ne3 c3
48. Nxb7 Rxb7 49. Nd5 Rxb6 50. Nxf6+ Kf8 51. Nd7+ Ke8 0-1

[Event "Ì17Â"]
[Site "Loo"]
[Date "2017.04.23"]
[Round "4.13"]
[White "Ãðèãîðüåâ, Èëüÿ."]
[Black "Àõòàðèåâ, Àíäðåé."]
[Result "1/2-1/2"]
[WhiteElo "2309"]
[BlackElo "2008"]
[PlyCount "87"]
[EventDate "2017.04.20"]

1. d4 Nf6 2. Nf3 e6 3. Bf4 b6 4. e3 Bb7 5. c4 Bb4+ 6. Nc3 Ne4 7. Qc2 f5 8. a3
Bxc3+ 9. bxc3 d6 10. h4 Nd7 11. Ng5 Qe7 12. f3 e5 13. fxe4 exf4 14. exf5 Qxe3+
15. Qe2 Qxe2+ 16. Bxe2 O-O 17. O-O Rfe8 18. Ne6 Nf8 19. Nxf4 Re3 20. Bd3 Rae8
21. Kf2 Nd7 22. Rae1 Nf6 23. Rxe3 Ng4+ 24. Kg3 Nxe3 25. Rf2 Nd1 26. Re2 Rxe2
27. Nxe2 Kf7 28. Nf4 Bc8 29. Kf3 Nxc3 30. g4 Bd7 31. Ke3 Nd1+ 32. Kd2 Nf2 33.
Be2 Ne4+ 34. Kd3 Ng3 35. h5 Nxe2 36. Kxe2 c5 37. Ke3 Kf6 38. dxc5 dxc5 39. Nd3
g6 40. Kf4 g5+ 41. Ke3 h6 42. Nf2 Ke5 43. Nd3+ Kf6 44. Nf2 1/2-1/2

[Event "Ì17Â"]
[Site "Loo"]
[Date "2017.04.23"]
[Round "4.14"]
[White "Ôàõðåòäèíîâ, Ðèíàò."]
[Black "Ñìîð÷êîâ, Äàíèë."]
[Result "1-0"]
[WhiteElo "2248"]
[BlackElo "2151"]
[PlyCount "99"]
[EventDate "2017.04.20"]

1. e4 c5 2. Nf3 d6 3. d4 cxd4 4. Qxd4 Nc6 5. Bb5 Qa5+ 6. Nc3 Qxb5 7. Nxb5 Nxd4
8. Nfxd4 Kd7 9. Be3 a6 10. Nc3 e6 11. O-O-O Kc7 12. f4 Bd7 13. e5 Nh6 14. h3
Rd8 15. g4 f6 16. Rhe1 fxe5 17. fxe5 dxe5 18. Bxh6 exd4 19. Bf4+ Bd6 20. Bxd6+
Kxd6 21. Rxd4+ Kc7 22. Ne4 Bc8 23. Rc4+ Kb8 24. Ng5 Rhf8 25. Nxh7 Rf2 26. Ng5
Rd5 27. Ne4 Rf3 28. Rc3 Rf4 29. Rce3 b5 30. b4 Rd4 31. Nc5 Rxb4 32. Nd3 Ra4 33.
Nxf4 Rxf4 34. Re4 Rf6 35. R1e3 Rh6 36. Re5 Rf6 37. h4 Ka7 38. h5 Kb6 39. Rg5
Rf7 40. Rg6 b4 41. g5 Kc5 42. Rg3 e5 43. h6 gxh6 44. Rxh6 Rg7 45. g6 Bf5 46.
Rg5 Be4 47. Rxe5+ Kd4 48. Re6 Rc7 49. Rh4 Rxc2+ 50. Kd1 1-0

[Event "Ì17Â"]
[Site "Loo"]
[Date "2017.04.23"]
[Round "4.15"]
[White "Ãåéâîíäÿí, Àðñåí."]
[Black "Ïðèâîðîòñêèé, Îëåã."]
[Result "1-0"]
[WhiteElo "1945"]
[BlackElo "2164"]
[PlyCount "55"]
[EventDate "2017.04.20"]

1. e4 c5 2. Nf3 Nc6 3. d4 cxd4 4. Nxd4 Nf6 5. Nc3 e5 6. Ndb5 d6 7. Bg5 a6 8.
Bxf6 gxf6 9. Na3 b5 10. Nd5 Bg7 11. c3 Be6 12. Nc2 O-O 13. Nce3 Rb8 14. a3 a5
15. Be2 Ne7 16. O-O Bxd5 17. Nxd5 Nxd5 18. Qxd5 Qb6 19. Rfd1 Rfd8 20. b4 Bf8
21. bxa5 Qxa5 22. c4 Rdc8 23. cxb5 Rc2 24. Ra2 Rbc8 25. Rxc2 Rxc2 26. Bc4 Qc7
27. b6 Qd7 28. Rb1 1-0

[Event "Ì17Â"]
[Site "Loo"]
[Date "2017.04.23"]
[Round "4.16"]
[White "Ëåîíîâ, Îëåã."]
[Black "Ìåñòíèêîâ, Àéòàë."]
[Result "1-0"]
[WhiteElo "1835"]
[BlackElo "2163"]
[PlyCount "57"]
[EventDate "2017.04.20"]

1. e4 c6 2. d4 d5 3. Nd2 dxe4 4. Nxe4 Bf5 5. Ng3 Bg6 6. h4 h6 7. Nf3 Nd7 8. h5
Bh7 9. Bd3 Bxd3 10. Qxd3 e6 11. Bd2 Ngf6 12. O-O-O Be7 13. Kb1 O-O 14. Ne4 Nxe4
15. Qxe4 Nf6 16. Qe2 Qd5 17. Be3 Rfd8 18. Ne5 c5 19. f3 b6 20. g4 Nh7 21. g5
hxg5 22. h6 Bf6 23. c4 Qd6 24. Ng4 Bxd4 25. hxg7 f5 26. Bxd4 cxd4 27. Rxd4 Qe7
28. Nh6+ Kxg7 29. Nxf5+ 1-0

[Event "Ì17Â"]
[Site "Loo"]
[Date "2017.04.23"]
[Round "4.17"]
[White "Òîêìàøîâ, Ìàêñèì."]
[Black "Ðóäåíêî, Íàóì."]
[Result "0-1"]
[WhiteElo "2067"]
[BlackElo "2263"]
[PlyCount "114"]
[EventDate "2017.04.20"]

1. Nf3 d5 2. b3 Nf6 3. Bb2 c5 4. e3 a6 5. c4 Nc6 6. cxd5 Nxd5 7. Be2 f6 8. O-O
e5 9. d3 Be6 10. Nbd2 Be7 11. a3 O-O 12. Rc1 Qd7 13. Qc2 Rac8 14. Qb1 Rfd8 15.
Rfe1 Nb6 16. Nc4 Nxc4 17. dxc4 Bf5 18. Qa1 Qc7 19. Bc3 Na5 20. Qb2 Bd3 21. Bxd3
Rxd3 22. Rcd1 Rcd8 23. Rxd3 Rxd3 24. Qc2 Rd8 25. Rd1 b5 26. Rxd8+ Qxd8 27. Nd2
b4 28. axb4 cxb4 29. Bb2 Nb7 30. Ne4 Qa5 31. g4 Kf8 32. Bc1 Ke8 33. Kg2 Kd7 34.
Qd3+ Kc7 35. Bd2 Qb6 36. f3 Qc6 37. Nf2 g6 38. Qc2 a5 39. h4 a4 40. bxa4 Kb6
41. Nd3 e4 42. Nxb4 exf3+ 43. Kf2 Bxb4 44. Bxb4 Nd8 45. c5+ Ka7 46. Qd1 Nf7 47.
Qxf3 Qe6 48. Bc3 f5 49. gxf5 gxf5 50. Bd4 Nh6 51. c6+ Kb8 52. Bb6 Kc8 53. a5
Ng4+ 54. Ke1 Qe5 55. Qd1 Qg3+ 56. Ke2 Qg2+ 57. Kd3 Nf2+ 0-1

[Event "Ì17Â"]
[Site "Loo"]
[Date "2017.04.23"]
[Round "4.18"]
[White "Âîéíèêîíèñ, Íèêèòà."]
[Black "Ìåñíÿíêèí, Íèêèòà."]
[Result "0-1"]
[WhiteElo "2060"]
[BlackElo "2204"]
[PlyCount "40"]
[EventDate "2017.04.20"]

1. d4 d5 2. c4 e6 3. Nc3 Nf6 4. Bg5 Nbd7 5. cxd5 exd5 6. e3 Bb4 7. Bd3 c5 8.
Nge2 c4 9. Bf5 Nb6 10. Bxc8 Rxc8 11. O-O O-O 12. a4 a5 13. Nf4 Rc6 14. e4 Bxc3
15. e5 Bxb2 16. Ra2 c3 17. exf6 c2 18. Qg4 c1=Q 19. fxg7 Re8 20. Nh3 Qdxg5 0-1

[Event "Ì17Â"]
[Site "Loo"]
[Date "2017.04.23"]
[Round "4.19"]
[White "Ìàð÷óê, Ðîñòèñëàâ."]
[Black "Àðáóçîâ, Ìèõàèë."]
[Result "1/2-1/2"]
[WhiteElo "2187"]
[BlackElo "2048"]
[PlyCount "74"]
[EventDate "2017.04.20"]

1. d4 e6 2. Nf3 b6 3. e3 Bb7 4. Bd3 f5 5. c4 Nf6 6. O-O Be7 7. Nbd2 O-O 8. b3
Na6 9. Bb2 Ne4 10. a3 Bf6 11. Qc2 d5 12. b4 c6 13. b5 cxb5 14. cxb5 Nc7 15.
Rfc1 Ne8 16. Nb3 N8d6 17. Qe2 Qe7 18. a4 Rfc8 19. a5 Rxc1+ 20. Bxc1 Nc3 21. Qf1
Qd7 22. Bd2 Ncxb5 23. axb6 axb6 24. Rxa8+ Bxa8 25. Ne5 Bxe5 26. dxe5 Nc4 27.
Bxc4 dxc4 28. Qxc4 Qd5 29. Qxd5 Bxd5 30. Nd4 Na3 31. Bc3 Nc4 32. Ba1 Na3 33.
Bc3 Nc4 34. Ba1 Na3 35. Bc3 Nc4 36. Ba1 Na3 37. Bc3 Nc4 1/2-1/2

[Event "Ì17Â"]
[Site "Loo"]
[Date "2017.04.23"]
[Round "4.20"]
[White "Ãëóõîâ, Äìèòðèé."]
[Black "Ãîëèêîâ, Äàíèèë."]
[Result "1/2-1/2"]
[WhiteElo "2028"]
[BlackElo "2175"]
[PlyCount "138"]
[EventDate "2017.04.20"]

1. d4 Nf6 2. c4 e6 3. g3 d5 4. Nf3 dxc4 5. Bg2 Nbd7 6. O-O Nb6 7. Qc2 Be7 8.
Nbd2 O-O 9. Nxc4 c5 10. Rd1 Nxc4 11. Qxc4 Qb6 12. Bg5 cxd4 13. Nxd4 e5 14. Nb3
Be6 15. Qa4 a5 16. Rac1 Qa6 17. Bxf6 gxf6 18. Qe4 b6 19. e3 a4 20. Nd2 Rad8 21.
Bf1 b5 22. Nf3 Rxd1 23. Rxd1 Qa8 24. Qxa8 Rxa8 25. Bxb5 Bxa2 26. Nh4 Bb3 27.
Rd7 Bf8 28. Rc7 Rd8 29. Bc4 Rd2 30. Bxb3 axb3 31. Rb7 Rxb2 32. Nf5 Rb1+ 33. Kg2
h5 34. Rb8 b2 35. e4 Kh7 36. Ne3 Bc5 37. Nc4 Bd4 38. Rb4 Kg6 39. h3 Kg7 40. g4
h4 41. Nd6 Bxf2 42. Nf5+ Kh7 43. Kxf2 Rh1 44. Nxh4 b1=Q 45. Rxb1 Rxb1 46. Nf5
Rb4 47. Kf3 Rb3+ 48. Kg2 Rb2+ 49. Kf3 Kg6 50. h4 Rb8 51. Ke3 Kh7 52. Kf3 Kg8
53. h5 Kf8 54. Ke3 Ke8 55. Kf3 Kf8 56. Ke3 Rb1 57. Kf3 Rf1+ 58. Kg3 Rf4 59. Nd6
Kg8 60. Kh3 Kf8 61. Kg3 Ke7 62. Nf5+ Kf8 63. Nd6 Kg8 64. Kh3 f5 65. gxf5 f6 66.
Ne8 Kf7 67. h6 Rf3+ 68. Kg2 Rf4 69. Kg3 Rxe4 1/2-1/2

[Event "Ì17Â"]
[Site "Loo"]
[Date "2017.04.23"]
[Round "4.21"]
[White "Åëèñååâ, Åãîð."]
[Black "Ñóâîðîâ, Àëåêñàíäð."]
[Result "0-1"]
[WhiteElo "1834"]
[BlackElo "2107"]
[PlyCount "80"]
[EventDate "2017.04.20"]

1. d4 d5 2. Nf3 e6 3. c4 c6 4. e3 Nf6 5. Nc3 Nbd7 6. cxd5 exd5 7. Bd3 Bd6 8.
O-O O-O 9. Bc2 Re8 10. h3 Ne4 11. Nxe4 dxe4 12. Nd2 Nf6 13. Nc4 Bc7 14. b3 b6
15. Bb2 Ba6 16. Re1 Bxc4 17. bxc4 Qd6 18. g3 Qe6 19. Kg2 Qxc4 20. Bb3 Qb5 21.
Qc2 Rac8 22. Bc4 Qf5 23. Ba6 Rcd8 24. Be2 Nd5 25. Qxc6 Bxg3 26. Kxg3 Re6 27.
Bg4 Qg5 28. h4 Qg6 29. h5 Qg5 30. Qc2 f5 31. Qe2 Nf6 32. f3 exf3 33. Qxf3 fxg4
34. Qe2 Rde8 35. Qc4 Kh8 36. Bc1 Nxh5+ 37. Kg2 Qh4 38. Rf1 Qh3+ 39. Kg1 Qg3+
40. Kh1 Nf4 0-1

[Event "Ì17Â"]
[Site "Loo"]
[Date "2017.04.23"]
[Round "4.22"]
[White "Ñòåïàíîâ, Àíäðåé."]
[Black "Èâàíîâ, Êèðèëë."]
[Result "1-0"]
[WhiteElo "2147"]
[BlackElo "1943"]
[PlyCount "111"]
[EventDate "2017.04.20"]

1. e4 e6 2. d4 d5 3. Nc3 Bb4 4. e5 c5 5. Bd2 Bxc3 6. bxc3 Ne7 7. Qg4 O-O 8. Nf3
Nd7 9. h4 f5 10. Qf4 Qc7 11. Bd3 Nb6 12. Rh3 Nc4 13. Rg3 Nxd2 14. Kxd2 cxd4 15.
cxd4 Nc6 16. c3 b5 17. Rb1 a6 18. Qh6 Kh8 19. Qh5 Qf7 20. Qg5 Qe7 21. Qh5 Qf7
22. Qg5 Qe7 23. Qxe7 Nxe7 24. a4 bxa4 25. c4 a5 26. c5 Ba6 27. Bxa6 Rxa6 28.
Rb7 a3 29. Ne1 f4 30. Rxa3 Nf5 31. Nf3 h6 32. Rb5 Rfa8 33. Kc3 Ne7 34. h5 g6
35. hxg6 Nxg6 36. Kb3 Ne7 37. Ka4 Nc6 38. Rb6 Nb4 39. Rxa6 Nxa6 40. Kb5 Nc7+
41. Kb6 Ne8 42. Kb7 Rd8 43. Rxa5 Rd7+ 44. Kc6 Rc7+ 45. Kb6 Kh7 46. Ra8 Re7 47.
c6 Kg6 48. Rxe8 Rxe8 49. Kb7 Kf5 50. c7 Ke4 51. c8=Q Rxc8 52. Kxc8 Kd3 53. Kd7
Ke2 54. Kxe6 Kxf2 55. Nh4 Kg3 56. Ng6 1-0

[Event "Ì17Â"]
[Site "Loo"]
[Date "2017.04.23"]
[Round "4.23"]
[White "Çàõàðîâ, Íèêîëàé."]
[Black "Ñàêóëî, Äåíèñ."]
[Result "1-0"]
[WhiteElo "1968"]
[BlackElo "2147"]
[PlyCount "45"]
[EventDate "2017.04.20"]

1. e4 c5 2. Nf3 g6 3. d4 cxd4 4. Nxd4 Nc6 5. c4 Nf6 6. Nc3 Nxd4 7. Qxd4 d6 8.
Be2 Bg7 9. O-O O-O 10. Qd3 Be6 11. Be3 Rc8 12. b3 Nd7 13. Bd4 Nc5 14. Qd2 a5
15. Bxg7 Kxg7 16. f4 Bd7 17. f5 Bc6 18. Rf4 e5 19. f6+ Kh8 20. Rf3 Nxe4 21.
Nxe4 Bxe4 22. Qh6 Rg8 23. Qxh7+ 1-0